| 000 | 01261cam a2200289 i 4500 | ||
|---|---|---|---|
| 003 | SA-RiAUC | ||
| 005 | 20240930125303.0 | ||
| 008 | 240921s1991 su g b f001r0 ara c | ||
| 040 |
_aSA-RiCSC _bara _cSA-RiAUC _erda |
||
| 082 | 0 | 4 | _a174.2 |
| 090 |
_a174.2 _bر هـ ا |
||
| 100 | 1 |
_aالرهاوي، إسحاق بن علي _eمؤلف. |
|
| 245 | 1 | 0 |
_aأدب الطبيب / _cتأليف إسحق بن علي الرهاوي ؛ تحقيق مريزن سعيد مريزن عسيري. |
| 250 | _aالطبعة الأولى. | ||
| 264 | 1 |
_aالرياض : _bمركز الملك فيصل للبحوث والدراسات الإسلامية، _c1991 |
|
| 300 |
_aهـ-ف، 355 صفحة ؛ _c25 سم. |
||
| 336 |
_aنص _btxt _2rdacontent _3كتاب |
||
| 337 |
_aبدون وسيط _bn _2rdamedia |
||
| 338 |
_aمجلد _bnc _2rdacarrier |
||
| 490 | 0 |
_aإصدارات مركز الملك فيصل للبحوث والدراسات الإسلامية ؛ _v9 |
|
| 500 | _aكشاف : صفحة 293-341. | ||
| 504 | _aببليوجرافية : صفحة 343-352. | ||
| 650 | 7 |
_aالأخلاق الطبية _2aucsh |
|
| 700 | 1 |
_aعسيري، مريزن سعيد مريزن، _d1374 هجري- _eمحقق. |
|
| 942 |
_2ddc _cBOOK _n0 |
||
| 949 |
_aSA-JeALM _d240921 _umohamedma123 _n1 |
||
| 999 |
_c687 _d687 |
||